[Event "Fort Lauderdale Turkey Bowl 21st"]
[Site "Fort Lauderdale"]
[Date "2023.11.12"]
[Round "4"]
[White "Pierrot, Juan Facundo"]
[Black "Venkat, Raghav"]
[Result "1/2-1/2"]
[WhiteElo "2349"]
[BlackElo "2155"]
[PlyCount "105"]
[EventDate "2023.11.10"]
[EventType "swiss"]
[EventRounds "5"]
[EventCountry "USA"]
[SourceTitle "CB48_2023"]
[SourceDate "2023.11.29"]
[SourceVersion "1"]
[SourceVersionDate "2023.11.29"]
[SourceQuality "1"]

1. d4 Nf6 2. c4 e6 3. Nc3 d5 4. cxd5 exd5 5. Bg5 Be7 6. e3 0-0 7. Bd3 c6 8. Nge2 Nbd7 9. Qc2 Re8 10. 0-0 h6 11. Bh4 Nf8 12. f3 Ne6 13. Bf2 c5 14. dxc5 Bxc5 15. Rad1 Qb6 16. Na4 Qa5 17. a3 Bd7 18. Nxc5 Qxc5 19. Nd4 Qb6 20. Nxe6 Qxe6 21. Qb3 Bc6 22. Bb1 a6 23. Rd4 Rac8 24. Re1 Bb5 25. Qd1 Rc4 26. Ba2 Rxd4 27. Qxd4 Bc4 28. Bb1 Qe5 29. Qxe5 Rxe5 30. Rc1 Re8 31. Rc3 Bb5 32. Rc7 Bc6 33. Bf5 g6 34. Bh3 Kg7 35. Be1 Rxe3 36. Bc3 Rd3 37. Be5 Re3 38. Bd4 Rd3 39. Be5 Re3 40. f4 g5 41. Be6 Be8 42. Bxd5 Rxe5 43. Bxf7 gxf4 44. Bxe8+ Kh8 45. Bf7 Ng4 46. Rc1 Kg7 47. Bb3 Rb5 48. Be6 Ne3 49. b4 a5 50. bxa5 Rxa5 51. Rb1 Rxa3 52. Bc8 b5 53. Rxb5 1/2-1/2

[Event "Gulf Coast op 8th"]
[Site "Estero"]
[Date "2023.01.08"]
[Round "5"]
[White "Venkat, Raghav"]
[Black "Ngo, Bach"]
[Result "1/2-1/2"]
[WhiteElo "2177"]
[BlackElo "2295"]
[PlyCount "89"]
[EventDate "2023.01.07"]
[EventType "swiss"]
[EventRounds "5"]
[EventCountry "USA"]
[SourceTitle "CBM 212 Extra"]
[Source "ChessBase"]
[SourceDate "2023.03.31"]
[SourceVersion "1"]
[SourceVersionDate "2023.03.31"]
[SourceQuality "1"]

1. e4 e5 2. Nf3 Nc6 3. Bc4 Bc5 4. 0-0 Nf6 5. d3 d6 6. c3 0-0 7. Re1 Bb6 8. h3 Ne7 9. d4 Ng6 10. dxe5 Nxe5 11. Nxe5 dxe5 12. Qxd8 Rxd8 13. Nd2 c6 14. Nf3 Bc7 15. a4 a5 16. b3 Bd7 17. Ba3 b5 18. axb5 cxb5 19. Bd5 Nxd5 20. exd5 f6 21. c4 Bf5 22. Nd2 a4 23. cxb5 axb3 24. Nxb3 Rxd5 25. Bc5 Rb8 26. Rec1 Rxb5 27. Ra8+ Rd8 28. Rxd8+ Bxd8 29. Nd2 Ba5 30. Be3 Rb8 31. Nc4 Bb4 32. Nb6 Rb7 33. Nd5 Ba3 34. Rc3 Bb2 35. Rc6 Be4 36. Rc8+ Kf7 37. Nb6 Bf5 38. Rd8 Be6 39. Na4 Ba3 40. Nc5 Rb1+ 41. Kh2 Bf5 42. Ra8 Bc1 43. g4 Bxe3 44. Ra7+ Kg8 45. fxe3 1/2-1/2

[Event "Miami Turkey Bowl op 20th"]
[Site "Miami"]
[Date "2022.11.19"]
[Round "3"]
[White "Hernandez Gonzalez, William"]
[Black "Venkat, Raghav"]
[Result "1-0"]
[WhiteElo "2474"]
[BlackElo "2143"]
[PlyCount "91"]
[EventDate "2022.11.18"]
[EventType "swiss"]
[EventRounds "5"]
[EventCountry "USA"]
[SourceTitle "EXT 2024"]
[Source "ChessBase"]
[SourceDate "2023.10.10"]
[SourceVersion "1"]
[SourceVersionDate "2023.10.10"]
[SourceQuality "1"]

1. e4 c6 2. d4 d5 3. exd5 cxd5 4. Bd3 Nc6 5. c3 Nf6 6. Bf4 g6 7. Nf3 Bg7 8. h3 0-0 9. Qc2 Re8 10. 0-0 Nh5 11. Bh2 e5 12. dxe5 Nxe5 13. Nbd2 Nxd3 14. Qxd3 a6 15. Rfe1 Rxe1+ 16. Rxe1 Bf5 17. Qe3 Nf6 18. Nd4 Bd7 19. Be5 Qb6 20. Nf5 Qxe3 21. Nxe3 Re8 22. Nf3 Bc6 23. Rd1 Nh5 24. Bxg7 Kxg7 25. Nd4 Nf6 26. Kf1 h5 27. Ke2 Ne4 28. f3 Nc5 29. Kf2 f5 30. Rd2 Na4 31. Ne2 Re5 32. h4 Kh6 33. b3 Nb6 34. Nf4 Kg7 35. g3 Kf7 36. Nc2 Re8 37. Nb4 Rc8 38. Re2 a5 39. Nbd3 Bb5 40. Ne5+ Kf6 41. Re3 d4 42. cxd4 Rc2+ 43. Ke1 Rxa2 44. Nexg6 Bd7 45. Ne5 Be8 46. d5 1-0

[Event "Charlotte CCCSA Summer IM-C"]
[Site "Charlotte"]
[Date "2022.07.28"]
[Round "7"]
[White "Arjun, Vishnuvardhan"]
[Black "Venkat, Raghav"]
[Result "1/2-1/2"]
[WhiteElo "2273"]
[BlackElo "2227"]
[PlyCount "33"]
[EventDate "2022.07.24"]
[EventType "tourn"]
[EventRounds "9"]
[EventCountry "USA"]
[SourceTitle "CBM 209 Extra"]
[Source "ChessBase"]
[SourceDate "2022.09.30"]
[SourceVersion "1"]
[SourceVersionDate "2022.09.30"]
[SourceQuality "1"]

1. d4 Nf6 2. Nf3 e6 3. e3 d5 4. b3 b6 5. Bb2 Bb7 6. Nbd2 Nbd7 7. Bd3 Bd6 8. 0-0 0-0 9. c4 Re8 10. cxd5 exd5 11. Qc2 Qe7 12. Rac1 Ne4 13. Rfe1 h5 14. Bb5 c6 15. Bf1 Rac8 16. Nxe4 dxe4 17. Nd2 1/2-1/2

[Event "Charlotte CCCSA Summer IM-C"]
[Site "Charlotte"]
[Date "2022.07.25"]
[Round "2"]
[White "Venkat, Raghav"]
[Black "Rodrigue Lemieux, Shawn"]
[Result "0-1"]
[WhiteElo "2227"]
[BlackElo "2366"]
[PlyCount "76"]
[EventDate "2022.07.24"]
[EventType "tourn"]
[EventRounds "9"]
[EventCountry "USA"]
[SourceTitle "CBM 209 Extra"]
[Source "ChessBase"]
[SourceDate "2022.09.30"]
[SourceVersion "1"]
[SourceVersionDate "2022.09.30"]
[SourceQuality "1"]

1. e4 c6 2. d4 d5 3. exd5 cxd5 4. c4 Nf6 5. Nc3 e6 6. Nf3 Bb4 7. cxd5 Nxd5 8. Bd2 Nc6 9. Bb5 0-0 10. Bxc6 bxc6 11. 0-0 Nxc3 12. Bxc3 Bxc3 13. bxc3 Qa5 14. Ne5 c5 15. Qf3 Ba6 16. Rfd1 cxd4 17. cxd4 Rac8 18. h3 Rc2 19. Rdc1 Rxc1+ 20. Rxc1 Qxa2 21. Qf4 Bb5 22. Rc7 Be8 23. Nc4 Qb1+ 24. Kh2 Qb8 25. Qd6 Bb5 26. Ne5 Rc8 27. Rxc8+ Qxc8 28. Qe7 f6 29. Ng4 a5 30. Ne3 Bc6 31. Qc5 a4 32. Kg1 Qa8 33. Qa3 Bd5 34. Kf1 Bb3 35. Ke2 Qf8 36. Qc1 a3 37. Nf1 a2 38. Nd2 Bd5 0-1

[Event "World op 50th"]
[Site "Philadelphia"]
[Date "2022.07.03"]
[Round "6"]
[White "Venkat, Raghav"]
[Black "Clasby, Derek"]
[Result "1/2-1/2"]
[WhiteElo "2227"]
[BlackElo "2118"]
[PlyCount "132"]
[EventDate "2022.06.30"]
[EventType "swiss"]
[EventRounds "9"]
[EventCountry "USA"]
[SourceTitle "CBM 209 Extra"]
[Source "ChessBase"]
[SourceDate "2022.09.30"]
[SourceVersion "1"]
[SourceVersionDate "2022.09.30"]
[SourceQuality "1"]

1. d4 Nf6 2. Bf4 b6 3. e3 Bb7 4. Nf3 g6 5. Nbd2 Bg7 6. Bd3 c5 7. c3 d6 8. h3 0-0 9. Qe2 Nc6 10. Bh2 a6 11. 0-0 b5 12. a3 Nd7 13. Rfd1 Qb6 14. Rac1 c4 15. Bc2 Rfd8 16. b3 cxb3 17. Bxb3 Na5 18. Ba2 d5 19. e4 e6 20. exd5 exd5 21. Nf1 Re8 22. Ne3 Nc4 23. Bxc4 dxc4 24. a4 Qa5 25. axb5 axb5 26. Bd6 Qa6 27. Bg3 Nb6 28. Qd2 Bh6 29. Ne5 f5 30. f4 Be4 31. Ra1 Qb7 32. Rxa8 Rxa8 33. d5 g5 34. d6 gxf4 35. d7 Nxd7 36. N3g4 fxg4 37. Nxd7 Bd3 38. Nf6+ Kg7 39. Nxg4 Re8 40. Bxf4 Qb6+ 41. Kh1 Bxf4 42. Qxf4 h6 43. Ra1 Rf8 44. Qe5+ Kg8 45. Qe7 h5 46. Qg5+ Qg6 47. Qd5+ Kh8 48. Ne5 Qf5 49. Qd4 Qf6 50. Rd1 Re8 51. Nxd3 Qxd4 52. cxd4 cxd3 53. Rxd3 Kg7 54. Kg1 Rb8 55. Kf2 Kf6 56. Ke3 b4 57. Rb3 Kf5 58. Kd3 h4 59. Rb2 b3 60. Kc4 Ke4 61. Re2+ Kf4 62. Kc3 Rb5 63. Rd2 Ke4 64. Rb2 Rb8 65. Re2+ Kd5 66. Re5+ Kd6 1/2-1/2

[Event "World op 50th"]
[Site "Philadelphia"]
[Date "2022.07.01"]
[Round "3"]
[White "Shawkat, Saif"]
[Black "Venkat, Raghav"]
[Result "0-1"]
[WhiteElo "1965"]
[BlackElo "2227"]
[PlyCount "64"]
[EventDate "2022.06.30"]
[EventType "swiss"]
[EventRounds "9"]
[EventCountry "USA"]
[SourceTitle "CBM 209 Extra"]
[Source "ChessBase"]
[SourceDate "2022.09.30"]
[SourceVersion "1"]
[SourceVersionDate "2022.09.30"]
[SourceQuality "1"]

1. d4 Nf6 2. c4 e6 3. g3 d5 4. Bg2 Bb4+ 5. Nd2 0-0 6. Ngf3 dxc4 7. Qc2 Nbd7 8. Qxc4 Bd6 9. e4 e5 10. d5 c6 11. dxc6 bxc6 12. 0-0 Nb6 13. Qc2 Qe7 14. Nb3 c5 15. Bg5 Be6 16. Rfd1 c4 17. Nbd2 h6 18. Be3 Rac8 19. Nh4 Bb4 20. Nf5 Bxf5 21. exf5 c3 22. Ne4 cxb2 23. Qxb2 Nxe4 24. Bxe4 Bc3 25. Qb5 Bxa1 26. Rxa1 Nc4 27. f6 Qxf6 28. Bxa7 Nd6 29. Qe2 Nxe4 30. Qxe4 Qe6 31. a4 Rc4 32. Qe1 Qa6 0-1

[Event "Charlotte CCCSA Spring IM-D"]
[Site "Charlotte"]
[Date "2022.03.18"]
[Round "4"]
[White "Venkat, Raghav"]
[Black "Lee, Alice"]
[Result "1/2-1/2"]
[WhiteElo "2184"]
[BlackElo "2348"]
[PlyCount "78"]
[EventDate "2022.03.16"]
[EventType "tourn"]
[EventRounds "9"]
[EventCountry "USA"]
[EventCategory "1"]
[SourceTitle "CBM 207 Extra"]
[Source "ChessBase"]
[SourceDate "2022.05.31"]
[SourceVersion "1"]
[SourceVersionDate "2022.05.31"]
[SourceQuality "1"]

1. e4 c6 2. d4 d5 3. Nc3 dxe4 4. Nxe4 Bf5 5. Ng3 Bg6 6. Nf3 Nd7 7. h4 h6 8. h5 Bh7 9. Bd3 Bxd3 10. Qxd3 Ngf6 11. Bf4 e6 12. 0-0-0 Be7 13. Kb1 0-0 14. Ne4 Nxe4 15. Qxe4 Nf6 16. Qe2 Qd5 17. Ne5 Rfd8 18. f3 Nd7 19. c4 Qa5 20. g4 Nxe5 21. Bxe5 b5 22. d5 cxd5 23. cxd5 Qa6 24. g5 Bxg5 25. f4 Bf6 26. d6 Bxe5 27. Qxe5 Kh8 28. Rhg1 Rg8 29. d7 Qb6 30. f5 exf5 31. Qxf5 Rgf8 32. Qe5 Rg8 33. Rgf1 f6 34. Qe7 b4 35. Rfe1 b3 36. axb3 Rad8 37. Qf7 Qa5 38. Rf1 Qe5 39. Rd5 Qe4+ 1/2-1/2

[Event "Coral Springs Turkey Bowl op 19th"]
[Site "Coral Springs"]
[Date "2021.11.14"]
[Round "5"]
[White "Becerra Rivero, Julio"]
[Black "Venkat, Raghav"]
[Result "1-0"]
[WhiteElo "2496"]
[BlackElo "2136"]
[PlyCount "47"]
[EventDate "2021.11.12"]
[EventType "swiss"]
[EventRounds "5"]
[EventCountry "USA"]
[SourceTitle "EXT 2023"]
[Source "ChessBase"]
[SourceDate "2022.10.05"]
[SourceVersion "1"]
[SourceVersionDate "2022.10.05"]
[SourceQuality "1"]

1. e4 c6 2. d4 d5 3. e5 Bf5 4. Nf3 e6 5. Be2 c5 6. Be3 Qb6 7. Nc3 Qxb2 8. Nb5 Na6 9. dxc5 Bxc2 10. Qc1 Qxc1+ 11. Rxc1 Ba4 12. Nd6+ Bxd6 13. cxd6 f6 14. Bxa6 bxa6 15. Rc7 Rd8 16. 0-0 Rd7 17. Rfc1 h5 18. Rc8+ Rd8 19. Rxd8+ Kxd8 20. Rc7 Bd7 21. Rxa7 h4 22. Ra8+ Bc8 23. Bb6+ Kd7 24. Ra7+ 1-0

[Event "US op Denker 121st"]
[Site "Cherry Hill"]
[Date "2021.08.02"]
[Round "4"]
[White "Liang, Awonder"]
[Black "Venkat, Raghav"]
[Result "1-0"]
[WhiteElo "2587"]
[BlackElo "2148"]
[PlyCount "105"]
[EventDate "2021.07.31"]
[EventType "swiss"]
[EventRounds "6"]
[EventCountry "USA"]
[SourceTitle "EXT 2022"]
[Source "ChessBase"]
[SourceDate "2021.10.06"]
[SourceVersion "1"]
[SourceVersionDate "2021.10.06"]
[SourceQuality "1"]

1. e4 e6 2. d4 d5 3. Nc3 Bb4 4. exd5 exd5 5. Bd3 Nf6 6. Nge2 c6 7. 0-0 0-0 8. Ng3 Re8 9. h3 Nbd7 10. Qf3 Nf8 11. Bg5 Be7 12. Rae1 Ne6 13. Be3 g6 14. Nce2 Bd7 15. c3 Bf8 16. Nc1 h6 17. Qd1 h5 18. Bc2 c5 19. dxc5 Bxc5 20. Bxc5 Nxc5 21. Nb3 Nxb3 22. Bxb3 h4 23. Rxe8+ Bxe8 24. Ne2 Bb5 25. Re1 Qb6 26. Nd4 Bc4 27. Qf3 Re8 28. Rxe8+ Nxe8 29. Qf4 Bxb3 30. axb3 Qf6 31. Qb8 Qe7 32. Nf3 a6 33. Nxh4 Kg7 34. Qf4 Qe1+ 35. Kh2 Qb1 36. Qd2 Nf6 37. Nf3 b5 38. b4 Qf1 39. Qd4 Qe2 40. Ne5 Qe4 41. Qxe4 Nxe4 42. Nd3 Kf6 43. f3 Nd2 44. Nc5 Ke5 45. Nxa6 Kd6 46. Nc5 Nc4 47. Nb3 Nxb2 48. Nd4 Nd1 49. Nxb5+ Kc6 50. Nd4+ Kb6 51. Ne2 Kb5 52. h4 Kc4 53. g4 1-0

[Event "World op 49th"]
[Site "Philadelphia"]
[Date "2021.07.04"]
[Round "7"]
[White "Plotkin, Victor"]
[Black "Venkat, Raghav"]
[Result "1/2-1/2"]
[WhiteElo "2367"]
[BlackElo "2138"]
[PlyCount "48"]
[EventDate "2021.07.01"]
[EventType "swiss"]
[EventRounds "9"]
[EventCountry "USA"]
[SourceTitle "EXT 2022"]
[Source "ChessBase"]
[SourceDate "2021.10.06"]
[SourceVersion "1"]
[SourceVersionDate "2021.10.06"]
[SourceQuality "1"]

1. e4 c5 2. c3 e6 3. d4 cxd4 4. cxd4 d5 5. e5 Nc6 6. Nf3 Bd7 7. Nc3 a6 8. Bd3 Bb4 9. 0-0 Nge7 10. Be3 Bxc3 11. bxc3 Rc8 12. Ng5 h6 13. Nh3 Na5 14. Rc1 Bb5 15. Bxb5+ axb5 16. Nf4 g6 17. Rb1 Qd7 18. Nd3 b6 19. Qc2 Nc4 20. Qb3 Ra8 21. Bc1 Ra5 22. Re1 Kd8 23. Re2 Kc7 24. h3 h5 1/2-1/2

[Event "World op 49th"]
[Site "Philadelphia"]
[Date "2021.07.01"]
[Round "1"]
[White "Ali Marandi, Cemil Can"]
[Black "Venkat, Raghav"]
[Result "1-0"]
[WhiteElo "2543"]
[BlackElo "2138"]
[PlyCount "56"]
[EventDate "2021.07.01"]
[EventType "swiss"]
[EventRounds "9"]
[EventCountry "USA"]
[SourceTitle "EXT 2022"]
[Source "ChessBase"]
[SourceDate "2021.10.06"]
[SourceVersion "1"]
[SourceVersionDate "2021.10.06"]
[SourceQuality "1"]

1. d4 Nf6 2. Bf4 e6 3. e3 d5 4. Nd2 Bd6 5. Bg3 0-0 6. c3 c5 7. Bd3 Nc6 8. Ngf3 Re8 9. Ne5 Bxe5 10. dxe5 Nd7 11. f4 c4 12. Bc2 Qb6 13. 0-0 h6 14. Bh4 Qxb2 15. Rc1 Ne7 16. Nf3 Nc5 17. Nd4 Bd7 18. Rf2 Qa3 19. g4 Ba4 20. Rg2 Bxc2 21. Rcxc2 Ne4 22. f5 Nc6 23. g5 Nxd4 24. exd4 hxg5 25. f6 g6 26. Bxg5 Nxg5 27. Rxg5 Qa4 28. Qc1 Rec8 1-0

[Event "Titled Tuesday intern op 16th Mar"]
[Site "Chess.com INT"]
[Date "2021.03.16"]
[Round "6"]
[White "Rustemov, Alexander"]
[Black "Venkat, Raghav"]
[Result "0-1"]
[WhiteElo "2525"]
[BlackElo "2175"]
[PlyCount "62"]
[EventDate "2021.03.16"]
[EventType "swiss (blitz)"]
[EventRounds "11"]
[EventCountry "USA"]
[SourceTitle "CBM 201 Extra"]
[Source "ChessBase"]
[SourceDate "2021.05.31"]
[SourceVersion "1"]
[SourceVersionDate "2021.05.31"]
[SourceQuality "1"]

1. d4 Nf6 2. c4 e6 3. Nf3 Bb4+ 4. Bd2 Bxd2+ 5. Qxd2 d5 6. e3 0-0 7. Nc3 c5 8. cxd5 Nxd5 9. dxc5 Nf6 10. Rc1 Nc6 11. a3 b6 12. Qxd8 Rxd8 13. cxb6 axb6 14. Be2 Bb7 15. 0-0 Rac8 16. Rfd1 Rxd1+ 17. Nxd1 Kf8 18. Kf1 Ke7 19. Ke1 Ne4 20. Nd2 Nd6 21. Nc4 Na5 22. b3 Nxb3 23. Rb1 Nxc4 24. Rxb3 Bxg2 25. f3 Ne5 26. Kf2 Rc2 27. Rb2 Nd3+ 28. Kxg2 Nxb2 29. Kf1 Nxd1 30. Bxd1 Rxh2 31. a4 Ra2 0-1

[Event "Titled Tuesday intern op 09th Feb"]
[Site "Chess.com INT"]
[Date "2021.02.09"]
[Round "7"]
[White "Bok, Benjamin"]
[Black "Venkat, Raghav"]
[Result "1-0"]
[WhiteElo "2624"]
[BlackElo "2175"]
[PlyCount "87"]
[EventDate "2021.02.09"]
[EventType "swiss (blitz)"]
[EventRounds "11"]
[EventCountry "USA"]
[SourceTitle "EXT 2022"]
[Source "ChessBase"]
[SourceDate "2021.10.06"]
[SourceVersion "1"]
[SourceVersionDate "2021.10.06"]
[SourceQuality "1"]

1. d4 Nf6 2. c4 e6 3. Nc3 d5 4. cxd5 exd5 5. Bg5 Be7 6. e3 c6 7. Bd3 Nbd7 8. Nf3 0-0 9. Qc2 h6 10. Bh4 Re8 11. 0-0 Ne4 12. Bxe7 Qxe7 13. Bxe4 dxe4 14. Nd2 Nf6 15. Rab1 Be6 16. Ndxe4 Bf5 17. Nxf6+ Qxf6 18. e4 Bg6 19. Rbd1 Rad8 20. Qd3 b5 21. f3 a5 22. Qe3 Qe7 23. Rd2 Qb4 24. Rfd1 Re7 25. d5 c5 26. d6 Red7 27. e5 Qc4 28. b3 Qe6 29. Nxb5 c4 30. Nc7 Qf5 31. bxc4 h5 32. c5 Rc8 33. c6 Rdd8 34. Nd5 Kh7 35. Ne7 Qe6 36. Nxc8 Rxc8 37. d7 Rxc6 38. d8Q Rc4 39. Qd6 Qe8 40. Qd5 Qa4 41. e6 fxe6 42. Qexe6 Rh4 43. Qxg6+ Kxg6 44. Rd4 1-0

[Event "Titled Tuesday intern op 09th Feb"]
[Site "Chess.com INT"]
[Date "2021.02.09"]
[Round "2"]
[White "Kiremitciyan, Ari"]
[Black "Venkat, Raghav"]
[Result "0-1"]
[WhiteElo "2281"]
[BlackElo "2175"]
[PlyCount "70"]
[EventDate "2021.02.09"]
[EventType "swiss (blitz)"]
[EventRounds "11"]
[EventCountry "USA"]
[SourceTitle "EXT 2022"]
[Source "ChessBase"]
[SourceDate "2021.10.06"]
[SourceVersion "1"]
[SourceVersionDate "2021.10.06"]
[SourceQuality "1"]

1. d4 Nf6 2. c4 d6 3. Nf3 Nbd7 4. Bf4 g6 5. Nc3 Bg7 6. e3 0-0 7. Be2 a6 8. 0-0 c5 9. h3 b6 10. Bh2 Bb7 11. Rc1 Rc8 12. b3 Ne4 13. Nxe4 Bxe4 14. Ng5 Bb7 15. Bf3 Qc7 16. Bxb7 Qxb7 17. Qf3 Qxf3 18. Nxf3 b5 19. Rfd1 Nb6 20. dxc5 Rxc5 21. cxb5 Rxb5 22. Nd4 Rd5 23. Nc6 Bf6 24. Nb4 Rxd1+ 25. Rxd1 a5 26. Nd5 Nxd5 27. Rxd5 Rc8 28. Bg3 Bc3 29. Rb5 Bb4 30. Rb7 Kf8 31. Bh4 f6 32. Bg3 Rc1+ 33. Kh2 Ra1 34. a4 Rb1 35. Bf4 Rxb3 0-1

[Event "Titled Tuesday intern op 09th Feb"]
[Site "Chess.com INT"]
[Date "2021.02.09"]
[Round "9"]
[White "Novikov, Evgenij"]
[Black "Venkat, Raghav"]
[Result "0-1"]
[WhiteElo "2276"]
[BlackElo "2175"]
[PlyCount "126"]
[EventDate "2021.02.09"]
[EventType "swiss (blitz)"]
[EventRounds "11"]
[EventCountry "USA"]
[SourceTitle "EXT 2022"]
[Source "ChessBase"]
[SourceDate "2021.10.06"]
[SourceVersion "1"]
[SourceVersionDate "2021.10.06"]
[SourceQuality "1"]

1. d4 Nf6 2. Nf3 e6 3. g3 b6 4. Bg2 Bb7 5. 0-0 Be7 6. c4 0-0 7. Nc3 d5 8. b3 dxc4 9. bxc4 c5 10. d5 exd5 11. Nh4 Ne4 12. Nxd5 Bxd5 13. cxd5 Nd6 14. e4 Bf6 15. Rb1 Re8 16. Qg4 Nd7 17. Nf5 Nxf5 18. Qxf5 Bd4 19. Kh1 Ne5 20. Bb2 g6 21. Qh3 Bxb2 22. Rxb2 Qf6 23. Rc2 Nd3 24. f4 Nb4 25. e5 Qf5 26. Qxf5 gxf5 27. Rd2 Rad8 28. a3 Na6 29. Bh3 f6 30. e6 Rxe6 31. dxe6 Rxd2 32. Bxf5 Nc7 33. Re1 Rd5 34. Be4 Rd6 35. f5 Kf8 36. g4 Ke7 37. Re2 Rd4 38. Kg2 Nb5 39. Re3 Nd6 40. Bc6 Nc4 41. Rg3 Ne5 42. Bf3 Rd2+ 43. Kg1 c4 44. h4 c3 45. Be4 c2 46. Bxc2 Rxc2 47. g5 fxg5 48. hxg5 Rc1+ 49. Kg2 Rc4 50. g6 hxg6 51. fxg6 Rc8 52. Rg5 Nc6 53. g7 Rg8 54. Rg6 Nd8 55. Kf3 Nxe6 56. Ke4 Rxg7 57. Rxg7+ Nxg7 58. Kd5 Kd7 59. Kc4 Kc7 60. Kb4 Ne8 61. a4 Nd6 62. a5 b5 63. a6 Kb6 0-1

[Event "Titled Tuesday intern op 09th Feb"]
[Site "Chess.com INT"]
[Date "2021.02.09"]
[Round "11"]
[White "Venkat, Raghav"]
[Black "Petrova, Irina"]
[Result "0-1"]
[WhiteElo "2175"]
[BlackElo "2120"]
[PlyCount "76"]
[EventDate "2021.02.09"]
[EventType "swiss (blitz)"]
[EventRounds "11"]
[EventCountry "USA"]
[SourceTitle "EXT 2022"]
[Source "ChessBase"]
[SourceDate "2021.10.06"]
[SourceVersion "1"]
[SourceVersionDate "2021.10.06"]
[SourceQuality "1"]

1. Nf3 d5 2. e3 Nf6 3. b3 c6 4. Bb2 Bg4 5. Be2 Nbd7 6. 0-0 e6 7. c4 Be7 8. Nc3 0-0 9. Rc1 h6 10. d4 Bd6 11. h3 Bf5 12. cxd5 exd5 13. Bd3 Ne4 14. Bxe4 dxe4 15. Nd2 Qe7 16. Nc4 Bc7 17. d5 Qg5 18. f4 exf3 19. Qxf3 Bd3 20. dxc6 Bxf1 21. cxd7 Bxc4 22. bxc4 Qe5 23. Rd1 Rad8 24. Ba1 Bb6 25. Nd5 Qg5 26. g3 Kh8 27. h4 Qg6 28. Ne7 Qe6 29. Nf5 f6 30. Rd6 Qxc4 31. Ne7 Qc1+ 32. Rd1 Qxe3+ 33. Qxe3 Bxe3+ 34. Kg2 Kh7 35. Nf5 Bb6 36. h5 Rf7 37. Re1 Rfxd7 38. Kh3 Rd1 0-1

[Event "Titled Tuesday intern op 09th Feb"]
[Site "Chess.com INT"]
[Date "2021.02.09"]
[Round "5"]
[White "Venkat, Raghav"]
[Black "Vasquez Schroder, Rodrigo Rafael"]
[Result "1-0"]
[WhiteElo "2175"]
[BlackElo "2456"]
[PlyCount "95"]
[EventDate "2021.02.09"]
[EventType "swiss (blitz)"]
[EventRounds "11"]
[EventCountry "USA"]
[SourceTitle "EXT 2022"]
[Source "ChessBase"]
[SourceDate "2021.10.06"]
[SourceVersion "1"]
[SourceVersionDate "2021.10.06"]
[SourceQuality "1"]

1. Nf3 c5 2. e4 d6 3. d4 cxd4 4. Nxd4 Nf6 5. Nc3 a6 6. Be2 e6 7. 0-0 Be7 8. Be3 Qc7 9. a4 b6 10. f4 Bb7 11. Bf3 Nbd7 12. f5 e5 13. Nde2 Rc8 14. g4 h6 15. h4 Nh7 16. Qe1 Qd8 17. Bf2 0-0 18. Rd1 Bc6 19. Kg2 b5 20. axb5 axb5 21. Rd2 Ra8 22. Nc1 b4 23. Nd1 Qc7 24. Nd3 Rfb8 25. b3 Qb7 26. Re2 Ra1 27. Qd2 Ndf6 28. Rfe1 d5 29. exd5 Bxd5 30. Nxe5 Bxf3+ 31. Nxf3 Bf8 32. g5 Ng4 33. Re4 Nxf2 34. Nxf2 Rxe1 35. Rxe1 hxg5 36. hxg5 Be7 37. Re4 Bc5 38. Qe2 Qc6 39. Nd3 Bd6 40. Nd4 Qd5 41. Nf3 Kf8 42. Rd4 Qc6 43. Qe4 Qxc2+ 44. Nf2 Rc8 45. Rxd6 Qc5 46. Qd4 Qxf5 47. Rd8+ Ke7 48. Qd6# 1-0

[Event "Titled Tuesday intern op 29th Dec"]
[Site "Chess.com INT"]
[Date "2020.12.29"]
[Round "6"]
[White "Najer, Evgeniy"]
[Black "Venkat, Raghav"]
[Result "0-1"]
[WhiteElo "2648"]
[BlackElo "2167"]
[PlyCount "60"]
[EventDate "2020.12.29"]
[EventType "swiss (blitz)"]
[EventRounds "11"]
[EventCountry "USA"]
[SourceTitle "CBM 200 Extra"]
[Source "ChessBase"]
[SourceDate "2021.03.31"]
[SourceVersion "1"]
[SourceVersionDate "2021.03.31"]
[SourceQuality "1"]

1. d4 Nf6 2. c4 e6 3. Nf3 Bb4+ 4. Bd2 a5 5. Nc3 d5 6. a3 Be7 7. Bf4 0-0 8. e3 c6 9. Qc2 Nbd7 10. Rd1 dxc4 11. Bxc4 b5 12. Bd3 Bb7 13. 0-0 h6 14. Ne4 Nxe4 15. Bxe4 Nf6 16. Bd3 Rc8 17. Qe2 Qb6 18. e4 c5 19. dxc5 Bxc5 20. h3 b4 21. e5 Nh5 22. Bh2 g6 23. Nd2 Rfd8 24. Ne4 Be7 25. Nd6 Bxd6 26. exd6 Ng7 27. Be5 Ne8 28. Qd2 Kh7 29. Qf4 Rd7 30. Rc1 Rcd8 0-1

[Event "World op 48th"]
[Site "ICC INT"]
[Date "2020.08.08"]
[Round "4"]
[White "Checa, Nicolas D"]
[Black "Venkat, Raghav"]
[Result "1-0"]
[WhiteElo "2527"]
[BlackElo "2167"]
[PlyCount "79"]
[EventDate "2020.08.07"]
[EventType "swiss"]
[EventRounds "9"]
[EventCountry "USA"]
[SourceTitle "CBM 197 Extra"]
[Source "ChessBase"]
[SourceDate "2020.09.30"]
[SourceVersion "1"]
[SourceVersionDate "2020.09.30"]
[SourceQuality "1"]

1. d4 Nf6 2. c4 e6 3. Nf3 d5 4. Nc3 Be7 5. Bf4 0-0 6. Rc1 c6 7. e3 Nbd7 8. h3 dxc4 9. Bxc4 Nb6 10. Bd3 Nbd5 11. Be5 Nxc3 12. bxc3 b6 13. Ng5 h6 14. Ne4 Bb7 15. Qf3 Nxe4 16. Bxe4 Rc8 17. 0-0 Bd6 18. Bb1 Bxe5 19. Qe4 f5 20. Qxe5 Qf6 21. Qxf6 gxf6 22. e4 fxe4 23. Bxe4 Ba6 24. c4 e5 25. dxe5 fxe5 26. Rfd1 Kg7 27. c5 Bb5 28. Rc3 Rf4 29. Rd7+ Kf8 30. f3 Rf7 31. Rd6 h5 32. Rh6 Rd8 33. Rh8+ Ke7 34. Rxh5 Rd1+ 35. Kh2 Kd7 36. Rxe5 Rd2 37. Rc2 Rxc2 38. Bxc2 Rf4 39. Bf5+ Kd8 40. Be4 1-0